LEADER 00904nam a22002531i 4500 001 991001896419707536 005 20030912184810.0 008 030925s1977 it |||||||||||||||||ita 035 $ab12212970-39ule_inst 035 $aARCHE-026063$9ExL 040 $aBiblioteca Interfacoltà$bita$cA.t.i. Arché s.c.r.l. Pandora Sicilia s.r.l. 100 1 $aMilano, Andrea$0388241 245 10$aTrinità /$cAndrea Milano 260 $aTorino :$b[s.n.],$c1977 300 $aP. 472-498 ;$c25 cm 500 $aEstr. da: Dizionario teologico interdisciplinare, n. 3(1977) 650 4$aTrinità 650 4$aTeologia 907 $a.b12212970$b02-04-14$c08-10-03 912 $a991001896419707536 945 $aLE002 Busta 54/2$g1$i2002000798923$lle002$o-$pE0.00$q-$rl$s- $t0$u0$v0$w0$x0$y.i12592596$z08-10-03 996 $aTrinità$9155470 997 $aUNISALENTO 998 $ale002$b08-10-03$cm$da $e-$fita$git $h0$i1 LEADER 00961nam a2200289 i 4500 001 991001017599707536 005 20020507181722.0 008 950301s1968 us ||| | eng 035 $ab10789613-39ule_inst 035 $aLE01305802$9ExL 040 $aDip.to Matematica$beng 082 0 $a517.355 084 $aAMS 43-01 084 $aAMS 43-XX 084 $aLC QA403 100 1 $aKatznelson, Yitzhak$048154 245 13$aAn introduction to harmonic analysis /$cYitzhak Katznelson 260 $aNew York :$cc1968 300 $axiv, 264 p. ;$c23 cm 500 $aBibliography: p. 261-262 650 4$aHarmonic analysis 907 $a.b10789613$b21-09-06$c28-06-02 912 $a991001017599707536 945 $aLE013 43-XX KAT11 (1968)$g1$i2013000023564$lle013$o-$pE0.00$q-$rl$s- $t0$u2$v0$w2$x0$y.i10890117$z28-06-02 996 $aIntroduction to harmonic analysis$985375 997 $aUNISALENTO 998 $ale013$b01-01-95$cm$da $e-$feng$gus $h3$i1